Propuestas de reforma política / (Registro nro. 14868)

Detalles MARC
000 -LEADER
fixed length control field 01034nam a2200277 a 4500
001 - CONTROL NUMBER
control field 000002992
003 - CONTROL NUMBER IDENTIFIER
control field DO-SdBPM
005 - DATE AND TIME OF LATEST TRANSACTION
control field 20241217091440.0
007 - PHYSICAL DESCRIPTION FIXED FIELD--GENERAL INFORMATION
fixed length control field ta
008 - FIXED-LENGTH DATA ELEMENTS--GENERAL INFORMATION
fixed length control field 090706s2004 dr b 001 0 spa d
020 ## - INTERNATIONAL STANDARD BOOK NUMBER
International Standard Book Number 9993479179
040 ## - CATALOGING SOURCE
Original cataloging agency DO-SdBPMS
Language of cataloging spa
Transcribing agency BPMSU
082 #4 - DEWEY DECIMAL CLASSIFICATION NUMBER
Classification number 342.729303
Item number P965r 2004
Edition number 22
245 00 - TITLE STATEMENT
Title Propuestas de reforma política /
Statement of responsibility, etc. editor Tirso Mejia Ricart.
260 ## - PUBLICATION, DISTRIBUTION, ETC. (IMPRINT)
Place of publication, distribution, etc. Santo Domingo :
Name of publisher, distributor, etc. CONARE,
Date of publication, distribution, etc. 2004.
300 ## - PHYSICAL DESCRIPTION
Extent 296 p. :
Other physical details il., mapas ;
Dimensions 22 cm.
500 ## - GENERAL NOTE
General note Incluye referencias bibliográficas y notas al pie de páginas.
590 ## - LOCAL NOTE (RLIN)
Local note Inventariado, 2024/ VM
650 #4 - SUBJECT ADDED ENTRY--TOPICAL TERM
Topical term or geographic name as entry element Reforma del Estado
Geographic subdivision República Dominicana
651 #4 - SUBJECT ADDED ENTRY--GEOGRAPHIC NAME
Geographic name República Dominicana
General subdivision Derecho constitucional
651 #4 - SUBJECT ADDED ENTRY--GEOGRAPHIC NAME
Geographic name República Dominicana
General subdivision Reformas constitucionales
Form subdivision Legislación
700 1# - ADDED ENTRY--PERSONAL NAME
Personal name Mejía-Ricart G., Tirso,
Dates associated with a name 1936-2021
Fuller form of name (Mejía-Ricart Guzmán)
Relator term editor
710 2# - ADDED ENTRY--CORPORATE NAME
Corporate name or jurisdiction name as entry element Consejo Nacional de la Reforma del Estado (República Dominicana)
910 ## - USER-OPTION DATA (OCLC)
User-option data VMateo V. Control de calidad BPMSU
942 ## - ADDED ENTRY ELEMENTS (KOHA)
Source of classification or shelving scheme Dewey Decimal Classification
Koha item type Libros
Existencias
Withdrawn status Lost status Source of classification or shelving scheme Damaged status Not for loan Collection code Home library Current library Date acquired Total Checkouts Full call number Barcode Date last seen Price effective from Koha item type
    Dewey Decimal Classification     Colección Dominicana Biblioteca Pública Metropolitana Salomé Ureña Biblioteca Pública Metropolitana Salomé Ureña 11/21/2024   BPMSU CD 342.729303 P965r 2004 BPMSU24110042 11/21/2024 11/21/2024 Libros